| 000 | 00583nam a2200241Ia 4500 | ||
|---|---|---|---|
| 003 | OSt | ||
| 005 | 20221007094809.0 | ||
| 006 | a|||||r|||| 00| 0 | ||
| 007 | ta | ||
| 008 | 221006b |||||||| |||| 00| 0 eng d | ||
| 024 | _a86 | ||
| 037 | _cTextual | ||
| 040 |
_aLCO _cLCO _beng |
||
| 041 |
_2eng _aeng |
||
| 082 | _aX:517:(Z2), M5 | ||
| 100 |
_aRAY B.D _9700592 |
||
| 245 | 0 | _aMRTP act. | |
| 260 |
_aCalcutta _bR.Cambray _c1985 |
||
| 300 | _a482 | ||
| 650 |
_aMRTP _9700593 |
||
| 942 |
_hX:517:(Z2), M5 _cTEXL |
||
| 999 |
_c1169649 _d1169649 |
||